La liste de l'équipe de France lors de la Coupe du Monde 2022 - Statistiques

Statistiques générales
  • Ce quiz a été pris 98 fois
  • Le résultat moyen est 23 sur 26
Statistiques - réponses
Hint Hint Réponse % Correct
Gardien Tottenham Hugo Lloris
100%
Gardien West Ham Alphonse Areola
99%
Milieu Real Madrid Aurelien Tchouameni
98%
Defenseur Barcelone Jules Koundé
98%
Attaquant Atlético Madrid Antoine Griezmann
96%
Attaquant Paris SG Kylian Mbappe
96%
Milieu Real Madrid Eduardo Camavinga
95%
Defenseur Arsenal William Saliba
95%
Defenseur Bayern Munich Dayot Upamecano
94%
Defenseur Bayern Munich Lucas Hernandez
94%
Defenseur Milan AC Theo Hernandez
94%
Defenseur Liverpool Ibrahima Konaté
93%
Attaquant Borussia Monchengladbach Marcus Thuram
91%
Attaquant Milan AC Olivier Giroud
91%
Attaquant Barcelone Ousmane Dembele
91%
Attaquant Eintracht Francfort Randal Kolo Muani
90%
Gardien Stade Rennais Steve Mandanda
90%
Defenseur Bayern Munich Benjamin Pavard
89%
Milieu Juventus Adrien Rabiot
88%
Attaquant Real Madrid Karim Benzema
88%
Attaquant Bayern Munich Kingsley Coman
86%
Defenseur Real Madrid Raphael Varane
81%
Defenseur As Monaco Axel Disasi
72%
Milieu OM Matteo Guendouzi
72%
Milieu As Monaco Youssouf Fofana
72%
Milieu OM Jordan Veretout
67%
Aucun quiz correspondant
Distribution des résultats
% des personnes avec chaque résultat
Percentile par nombre de réponses
Votre historique - résultats
Vous n’avez pas pris ce quiz